LEADER 01023nam a2200205 4500 001 000000367153 003 CaOOAMICUS 005 20260410102247.0 008 260410s1945 it 000 u ita r 040 $aSeMil$bita 100 1 $aBottesini, Archimede.$0(OLS)http://semarc/name/61903 245 14$aGli aspetti umani e divini della santità di don Bosco :$bcommemorando il transito di S. G. Bosco /$cArchimede Bottesini. 264 1$aTorino ; Genova [etc.] :$bSocietà Editrice Internazionale,$c1945. 300 $a12 p ;$c24 cm 600 14$aBosco, Giovanni .$0(OLS)http://semarc/subject/3727 850 $aSeMil 852 $aSeMil$W1$xVenegono$y1$m5C VIII 10/9$j270008$B257878$CSeMilBibl$Z2$F257878 $8M 996 $6245$aGli aspetti umani e divini della santità di don Bosco :$bcommemorando il transito di S. G. Bosco$9(OLS)http://semarc/title/459029 996 $6264$aTorino ; Genova [etc.] :$bSocietà Editrice Internazionale$9(OLS)http://semarc/publisher/31868